| 000 | 00470 a2200169 4500 | ||
|---|---|---|---|
| 003 | Nust | ||
| 005 | 20221206085825.0 | ||
| 020 | _a9960861139 | ||
| 040 | _cNust | ||
| 082 | _a239.9,AHM | ||
| 100 |
_aAhmad,Abdul Basit _9104175 |
||
| 245 |
_aUthman Bin Affan RA The Third Caliph of Islam / _cAbdul basit ahmad |
||
| 260 |
_aLahore _bDarussalam _c2000 |
||
| 300 | _a48,p | ||
| 650 |
_athe golden series of the prophet,s companions _9104176 |
||
| 942 |
_2ddc _cBK _k239.9,AHM |
||
| 999 |
_c190607 _d190607 |
||